Statistics for Germanic Countries

Click here to take the quiz!

General Stats

  • This quiz has been taken 366 times
  • The average score is 11 of 12

Answer Stats

Answer% Correct
Austria
97%
Belgium
97%
Denmark
97%
Germany
97%
Norway
96%
Switzerland
95%
Netherlands
93%
Luxembourg
92%
Sweden
92%
United Kingdom
89%
Iceland
88%
Liechtenstein
84%

Score Distribution

Percentile by Number Answered

Percent of People with Each Score

Your Score History

You have not taken this quiz